000 00589nam a2200217 a 4500
001 11976
003 CO-ViMGA
008 141112s2004 ck r 000 u spa d
020 _a8448116135
040 _aCO-ViMGA
_bspa
_cCO-ViMGA
082 0 4 _a658.82 S152
100 1 _aSánchez Guzmán, Jose Ramón
_916872
245 1 0 _aPromoción en Marketing :
_bBreve diccionario enciclopedico
250 _a1
260 _aMadrid,
_cMcGraw - Hill,
_c1995
300 _a173 p.
590 _aEjemplares : 2
650 1 4 _aMERCADO
_952403
650 1 4 _aPROMOCION DE VENTAS
_916873
942 _2ddc
_cBK
999 _c23031
_d23031